[Event "Mecklenburg VP Landesliga Ost 1920"]
[Site "Mecklenburg VP"]
[Date "2020.01.19"]
[Round "5.5"]
[White "Malchau, Jochen"]
[Black "Klingenberg, Dietrich"]
[Result "1/2-1/2"]
[WhiteElo "1713"]
[BlackElo "1818"]
[PlyCount "46"]
[EventDate "2019.09.29"]
[EventType "team-tourn"]
[EventRounds "9"]
[EventCountry "GER"]
[SourceTitle "EXT 2023"]
[Source "ChessBase"]
[SourceDate "2022.10.05"]
[SourceVersion "1"]
[SourceVersionDate "2022.10.05"]
[SourceQuality "1"]
[WhiteTeam "Greifswald III"]
[BlackTeam "Bergen Rugia"]
[WhiteTeamCountry "GER"]
[BlackTeamCountry "GER"]

1. d4 d5 2. c4 c6 3. cxd5 cxd5 4. Bf4 e6 5. Nc3 Nf6 6. e3 Bd6 7. Bg3 a6 8. Bd3 Nc6 9. Nf3 Bxg3 10. hxg3 Qb6 11. Qd2 Bd7 12. Rc1 Nb4 13. 0-0 Nxd3 14. Qxd3 0-0 15. Ne5 Bb5 16. Nxb5 Qxb5 17. Qxb5 axb5 18. Rc5 Rxa2 19. Rxb5 Ra7 20. Rc1 Ne4 21. g4 f6 22. Nd3 Rd8 23. f3 Nd6 1/2-1/2

[Event "Mecklenburg VP VL1819"]
[Site "Mecklenburg VP"]
[Date "2019.01.20"]
[Round "5.8"]
[White "Staben, Thomas"]
[Black "Malchau, Jochen"]
[Result "1-0"]
[WhiteElo "1589"]
[BlackElo "1703"]
[PlyCount "71"]
[EventDate "2018.10.21"]
[EventType "team-tourn"]
[EventRounds "9"]
[EventCountry "GER"]
[SourceTitle "EXT 2022"]
[Source "ChessBase"]
[SourceDate "2021.10.06"]
[SourceVersion "1"]
[SourceVersionDate "2021.10.06"]
[SourceQuality "1"]
[WhiteTeam "Warnemuende SF Ostsee"]
[BlackTeam "Greifswald II"]
[WhiteTeamCountry "GER"]
[BlackTeamCountry "GER"]

1. e4 c6 2. Nf3 d5 3. exd5 cxd5 4. Bb5+ Nc6 5. Ne5 Bd7 6. Nxd7 Qxd7 7. 0-0 e6 8. b3 a6 9. Be2 Nf6 10. Bb2 Be7 11. d3 0-0 12. c4 d4 13. Nd2 Rfe8 14. a3 a5 15. Re1 e5 16. Bf3 Bd6 17. g3 Rad8 18. Ne4 Nxe4 19. Bxe4 f5 20. Bd5+ Kh8 21. Qh5 g6 22. Qg5 Qg7 23. Re2 Be7 24. Qd2 Bf6 25. Bxc6 bxc6 26. Qxa5 Qb7 27. b4 Ra8 28. Qc5 Qd7 29. Rae1 Red8 30. f4 exf4 31. Re6 Qg7 32. Qxc6 Rf8 33. Qxa8 Rxa8 34. Re8+ Rxe8 35. Rxe8+ Qg8 36. Rxg8+ 1-0

[Event "Mecklenburg VP VL 1314"]
[Site "Mecklenburg VP"]
[Date "2013.12.15"]
[Round "4.8"]
[White "Malchau, Jochen"]
[Black "Voll, Andreas"]
[Result "1/2-1/2"]
[WhiteElo "1550"]
[BlackElo "1807"]
[PlyCount "55"]
[EventDate "2013.10.20"]
[EventType "team-tourn"]
[EventRounds "9"]
[EventCountry "GER"]
[SourceTitle "EXT 2022"]
[Source "ChessBase"]
[SourceDate "2021.10.06"]
[SourceVersion "1"]
[SourceVersionDate "2021.10.06"]
[SourceQuality "1"]
[WhiteTeam "Greifswald II"]
[BlackTeam "Schwerin SF III"]
[WhiteTeamCountry "GER"]
[BlackTeamCountry "GER"]

1. d4 Nf6 2. c4 e6 3. Nc3 d5 4. Bg5 Be7 5. e3 h6 6. Bh4 0-0 7. Nf3 b6 8. cxd5 exd5 9. Bd3 Bb7 10. 0-0 Nbd7 11. Rc1 c5 12. Re1 Rc8 13. Bb1 Re8 14. Qd3 Nf8 15. Ne5 Ne4 16. Bxe7 Qxe7 17. f3 c4 18. Qc2 Nd6 19. Qe2 b5 20. Ng4 Qg5 21. f4 Qe7 22. Qf3 Qd7 23. Ne5 Qe6 24. f5 Qf6 25. Nxd5 Qg5 26. e4 Bxd5 27. exd5 Qd2 28. Qf2 1/2-1/2

[Event "Mecklenburg VP VL 1314"]
[Site "Mecklenburg VP"]
[Date "2013.11.10"]
[Round "2.8"]
[White "Malchau, Jochen"]
[Black "Glawe, Hartmut"]
[Result "1/2-1/2"]
[WhiteElo "1550"]
[BlackElo "1825"]
[PlyCount "83"]
[EventDate "2013.10.20"]
[EventType "team-tourn"]
[EventRounds "9"]
[EventCountry "GER"]
[SourceTitle "EXT 2022"]
[Source "ChessBase"]
[SourceDate "2021.10.06"]
[SourceVersion "1"]
[SourceVersionDate "2021.10.06"]
[SourceQuality "1"]
[WhiteTeam "Greifswald II"]
[BlackTeam "Stralsund FHSG"]
[WhiteTeamCountry "GER"]
[BlackTeamCountry "GER"]

1. d4 Nf6 2. c4 d5 3. cxd5 Nxd5 4. e4 Nf6 5. Nc3 e5 6. d5 Be7 7. Nf3 Bg4 8. Be2 Nbd7 9. 0-0 0-0 10. a3 Ne8 11. b4 Nd6 12. h3 Bh5 13. Be3 a6 14. Rc1 Bg6 15. Nd2 f5 16. exf5 Nxf5 17. Bc4 Kh8 18. Qe2 a5 19. Na2 Nxe3 20. fxe3 Rxf1+ 21. Rxf1 axb4 22. axb4 e4 23. b5 Nf6 24. Rc1 Nxd5 25. Bxd5 Qxd5 26. Nc3 Qe5 27. Nc4 Qc5 28. Nd2 Bg5 29. Nf1 Rf8 30. Qe1 Qb4 31. Rb1 Qc4 32. Rc1 Qe6 33. Rd1 Qb6 34. Rd4 Bf6 35. Nd5 Qxb5 36. Nxc7 Qc6 37. Qb4 Rg8 38. Rc4 Qd7 39. Qxb7 Qd1 40. Ne6 h6 41. Nf4 Bh7 42. Qf7 1/2-1/2

[Event "Kiel op-A 26th"]
[Site "Kiel"]
[Date "2013.07.27"]
[Round "2"]
[White "Malchau, Jochen"]
[Black "Moeller, Dustin"]
[Result "0-1"]
[WhiteElo "1643"]
[BlackElo "1748"]
[PlyCount "88"]
[EventDate "2013.07.27"]
[EventType "swiss"]
[EventRounds "9"]
[EventCountry "GER"]
[SourceTitle "EXT 2018"]
[Source "ChessBase"]
[SourceDate "2017.10.13"]
[SourceVersion "1"]
[SourceVersionDate "2017.10.13"]
[SourceQuality "1"]

1. d4 d5 2. c4 c6 3. cxd5 cxd5 4. Bf4 Nf6 5. Nc3 e6 6. e3 a6 7. Bd3 b5 8. a3 Bb7 9. Nf3 Ne4 10. Qc2 f5 11. 0-0 Nc6 12. Ne5 Nxe5 13. Bxe5 Rc8 14. Bxe4 dxe4 15. Qe2 Qd7 16. Rfd1 Bd6 17. Qh5+ g6 18. Qg5 Bxe5 19. dxe5 Qe7 20. Qxe7+ Kxe7 21. Rd6 Rhd8 22. Rad1 Rxd6 23. Rxd6 Rc5 24. Rb6 Bc8 25. f3 exf3 26. gxf3 Rxe5 27. Kf2 Kd7 28. a4 Kc7 29. a5 Rc5 30. e4 Rc4 31. Ke3 Rb4 32. exf5 gxf5 33. Ne2 Rxb2 34. Nd4 Ra2 35. Nxe6+ Bxe6 36. Rxe6 Rxa5 37. Re7+ Kd6 38. Rxh7 Ke5 39. f4+ Kf6 40. Rh6+ Kg7 41. Rb6 Ra4 42. h4 b4 43. Kd4 b3+ 44. Ke5 Ra5+ 0-1

[Event "Schweinfurt op 23rd"]
[Site "Schweinfurt"]
[Date "2013.05.30"]
[Round "2"]
[White "Li, Simon"]
[Black "Malchau, Jochen"]
[Result "1/2-1/2"]
[WhiteElo "1223"]
[BlackElo "1635"]
[PlyCount "57"]
[EventDate "2013.05.30"]
[EventType "swiss"]
[EventRounds "7"]
[EventCountry "GER"]
[SourceTitle "CBM 154 Extra"]
[Source "ChessBase"]
[SourceDate "2013.06.25"]
[SourceVersion "2"]
[SourceVersionDate "2013.06.25"]
[SourceQuality "1"]

1. e4 e5 2. Nf3 Nf6 3. Nxe5 d6 4. Nf3 Nxe4 5. Nc3 Nxc3 6. dxc3 Be7 7. Be3 Nc6 8. Qd2 Be6 9. 0-0-0 Qd7 10. Bb5 a6 11. Bd3 0-0-0 12. Nd4 Nxd4 13. Bxd4 Qa4 14. a3 d5 15. Qe2 Bg5+ 16. Kb1 Bf6 17. Bxf6 gxf6 18. Qf3 Qh4 19. Bf5 Kb8 20. g3 Qg5 21. Bxe6 fxe6 22. Rhe1 Rhe8 23. h4 Qg7 24. c4 c6 25. cxd5 exd5 26. Qf4+ Ka8 27. Qd4 Qg6 28. Qb6 Qf7 29. Re3 1/2-1/2

[Event "Norderstedt op"]
[Site "Norderstedt"]
[Date "2013.04.01"]
[Round "9"]
[White "Malchau, Jochen"]
[Black "Klawitter, Rolf"]
[Result "1-0"]
[WhiteElo "1636"]
[BlackElo "1315"]
[PlyCount "127"]
[EventDate "2013.03.28"]
[EventType "swiss"]
[EventRounds "9"]
[EventCountry "GER"]
[SourceTitle "EXT 2015"]
[Source "ChessBase"]
[SourceDate "2014.11.20"]
[SourceVersion "1"]
[SourceVersionDate "2014.11.20"]
[SourceQuality "1"]

1. d4 d5 2. c4 c6 3. cxd5 cxd5 4. Nc3 Nf6 5. Nf3 Nc6 6. Bf4 Qb6 7. Na4 Qa5+ 8. Bd2 Qd8 9. Qb3 e6 10. e3 Ne4 11. Bb5 Bd6 12. Rc1 Bd7 13. 0-0 Nxd2 14. Nxd2 0-0 15. Nc5 Bxc5 16. Rxc5 Na5 17. Qa4 Bxb5 18. Qxb5 b6 19. Rc2 a6 20. Qd3 b5 21. b3 Qd7 22. Rfc1 Rfc8 23. Nf3 h6 24. Ne5 Qe8 25. h3 Rxc2 26. Rxc2 Rc8 27. Qd2 Rxc2 28. Qxc2 f6 29. Nd3 Nc6 30. Qc5 Nb8 31. Qd6 Qc8 32. Nc5 Kf7 33. Nxe6 Qxe6 34. Qxb8 Qc6 35. Qa7+ Kg8 36. Qc5 Qe6 37. a4 bxa4 38. bxa4 Kf7 39. a5 Kg8 40. Kf1 f5 41. g3 Kh7 42. Qc2 g6 43. Qc7+ Kg8 44. Qb6 Kf7 45. Ke2 h5 46. h4 Qc8 47. Qc5 Qb7 48. Kf3 Kg7 49. Qb6 Qc8 50. Qa7+ Kf6 51. Qb6+ Kg7 52. Qd6 Qb7 53. Kf4 Kh6 54. Qf8+ Kh7 55. Kg5 Qg7 56. Qxg7+ Kxg7 57. Kf4 Kf6 58. f3 Ke6 59. Kg5 Kf7 60. g4 hxg4 61. fxg4 fxg4 62. Kxg4 Kf6 63. Kf4 Ke6 64. e4 1-0

[Event "Norderstedt op"]
[Site "Norderstedt"]
[Date "2013.03.30"]
[Round "5"]
[White "Malchau, Jochen"]
[Black "Pfreundt, Jakob"]
[Result "0-1"]
[WhiteElo "1636"]
[BlackElo "1857"]
[PlyCount "138"]
[EventDate "2013.03.28"]
[EventType "swiss"]
[EventRounds "9"]
[EventCountry "GER"]
[SourceTitle "EXT 2015"]
[Source "ChessBase"]
[SourceDate "2014.11.20"]
[SourceVersion "1"]
[SourceVersionDate "2014.11.20"]
[SourceQuality "1"]

1. d4 Nf6 2. c4 e6 3. Nc3 Bb4 4. Nf3 b6 5. e3 Bb7 6. a3 Bxc3+ 7. bxc3 d6 8. Bd3 Nbd7 9. Qc2 e5 10. e4 0-0 11. 0-0 Re8 12. Re1 Nf8 13. Bd2 Ng6 14. a4 a5 15. Rab1 Bc6 16. Bg5 h6 17. Bd2 Nh5 18. d5 Bd7 19. Be2 Nhf4 20. Bxf4 Nxf4 21. g3 Nxe2+ 22. Rxe2 Rf8 23. Nh4 g6 24. Ra1 Kg7 25. f3 Kh7 26. Ng2 f5 27. Rf2 fxe4 28. fxe4 Qe7 29. Raf1 Kg7 30. Rxf8 Rxf8 31. Rxf8 Qxf8 32. Nh4 Qe8 33. Qe2 Bxa4 34. Nf3 Bd7 35. Nd2 Qe7 36. Qe3 a4 37. Nb1 Qg5 38. Qxg5 hxg5 39. Kf2 g4 40. Na3 Kf7 41. Ke3 Ke7 42. Kd3 c6 43. Ke3 cxd5 44. cxd5 b5 45. Nc2 Kd8 46. Nb4 Kc7 47. Kd3 Kb6 48. Na2 Ka5 49. Nb4 a3 50. Kc2 Ka4 51. Nc6 Bc8 52. Ne7 Ba6 53. Nxg6 b4 54. cxb4 Bd3+ 55. Kc3 Bxe4 56. Ne7 a2 57. Kb2 Kxb4 58. Kxa2 Kc5 59. Kb2 Bxd5 60. Nf5 Be6 61. Ne3 Kd4 62. Nf1 Kd3 63. Kc1 Ke2 64. Nd2 Bd5 65. Nb1 Kf2 66. Nc3 Bf3 67. Nb5 d5 68. Kd2 e4 69. Nd4 e3+ 0-1

[Event "Norderstedt op"]
[Site "Norderstedt"]
[Date "2013.03.29"]
[Round "2"]
[White "Meyer, Juergen"]
[Black "Malchau, Jochen"]
[Result "1-0"]
[WhiteElo "2018"]
[BlackElo "1636"]
[PlyCount "111"]
[EventDate "2013.03.28"]
[EventType "swiss"]
[EventRounds "9"]
[EventCountry "GER"]
[SourceTitle "EXT 2015"]
[Source "ChessBase"]
[SourceDate "2014.11.20"]
[SourceVersion "1"]
[SourceVersionDate "2014.11.20"]
[SourceQuality "1"]

1. e4 e5 2. Nc3 Nf6 3. f4 d5 4. fxe5 Nxe4 5. Qf3 Nxc3 6. dxc3 Qh4+ 7. g3 Qe4+ 8. Qxe4 dxe4 9. Bc4 Bc5 10. Bd5 e3 11. a4 a5 12. Ne2 0-0 13. 0-0 c6 14. Bc4 Bg4 15. Nd4 e2 16. Re1 Nd7 17. Bxe2 Nxe5 18. Bf4 Nf3+ 19. Bxf3 Bxf3 20. Kf2 Bg4 21. Re5 Bxd4+ 22. cxd4 Rfe8 23. Rae1 Rxe5 24. Bxe5 Be6 25. Bc7 b5 26. axb5 cxb5 27. Re5 Rc8 28. Rc5 g6 29. Bxa5 Rxc5 30. dxc5 Kf8 31. Ke3 Ke8 32. Kd4 Kd7 33. Bd2 Kc6 34. Bh6 Bd5 35. b4 Be6 36. Ke5 Bf5 37. c3 Be6 38. h4 Bf5 39. Kf6 Be6 40. Kg7 Kd5 41. Kxh7 Kc4 42. Bg7 Kd5 43. Kh6 Ke4 44. Kg5 Kf3 45. Be5 Ke4 46. Bd6 Kd3 47. g4 Kxc3 48. c6 Kc4 49. h5 gxh5 50. gxh5 Kd5 51. h6 Kxd6 52. h7 Kxc6 53. h8Q Bc4 54. Qe5 Kd7 55. Kf6 Kc6 56. Ke7 1-0

[Event "Harburg-chF 9th"]
[Site "Hamburg"]
[Date "2011.08.21"]
[Round "4"]
[White "Sakel, Nicolai"]
[Black "Malchau, Jochen"]
[Result "1-0"]
[WhiteElo "1665"]
[BlackElo "1660"]
[PlyCount "69"]
[EventDate "2011.08.19"]
[EventType "tourn"]
[EventRounds "5"]
[EventCountry "GER"]
[SourceTitle "EXT 2012"]
[Source "ChessBase"]
[SourceDate "2011.11.24"]
[SourceVersion "1"]
[SourceVersionDate "2011.11.24"]
[SourceQuality "1"]

1. c4 Nf6 2. g3 e6 3. Bg2 d5 4. Nf3 c6 5. b3 Be7 6. 0-0 0-0 7. Bb2 Nbd7 8. e3 Re8 9. Ne5 Nf8 10. f4 Ng6 11. d4 Nd7 12. Qc2 f5 13. Nd2 Ndxe5 14. fxe5 h5 15. h4 Nh8 16. Nf3 Nf7 17. Qe2 g6 18. Ne1 Kg7 19. Nd3 Rh8 20. Nf4 Rh6 21. cxd5 cxd5 22. Rac1 Bd7 23. Rc2 a6 24. Rfc1 Rb8 25. Rc7 Qe8 26. Bxd5 Bxh4 27. Bxe6 Bxe6 28. Nxe6+ Qxe6 29. d5 Qe8 30. e6+ Bf6 31. Rxf7+ Qxf7 32. exf7 Rf8 33. Bxf6+ Kxf6 34. Rc7 Rxf7 35. Qb2+ 1-0

[Event "Harburg-chF 9th"]
[Site "Hamburg"]
[Date "2011.08.20"]
[Round "2"]
[White "Malchau, Jochen"]
[Black "Raedisch, Peter"]
[Result "1/2-1/2"]
[WhiteElo "1660"]
[BlackElo "1757"]
[PlyCount "84"]
[EventDate "2011.08.19"]
[EventType "tourn"]
[EventRounds "5"]
[EventCountry "GER"]
[SourceTitle "EXT 2012"]
[Source "ChessBase"]
[SourceDate "2011.11.24"]
[SourceVersion "1"]
[SourceVersionDate "2011.11.24"]
[SourceQuality "1"]

1. d4 d5 2. c4 e6 3. Nc3 Nf6 4. Bg5 Be7 5. e3 Nbd7 6. Nf3 c6 7. Bd3 dxc4 8. Bxc4 Nd5 9. Bxe7 Qxe7 10. 0-0 Nxc3 11. bxc3 e5 12. e4 0-0 13. Re1 Kh8 14. a4 Nb6 15. Bd3 Bg4 16. h3 Bxf3 17. Qxf3 Rad8 18. a5 Nc8 19. d5 Qc5 20. c4 Ne7 21. Reb1 Qd4 22. Qe3 Qxe3 23. fxe3 Rb8 24. d6 Ng8 25. c5 Nf6 26. Rc1 a6 27. Rab1 Nd7 28. Be2 g6 29. g4 g5 30. Rb4 Kg7 31. Rbc4 f6 32. Rf1 h6 33. Kg2 Kg6 34. Kg3 Rh8 35. Rf5 Rhf8 36. Rc3 Rh8 37. Bd1 Rhf8 38. Bb3 Rfe8 39. Rc2 Rbd8 40. Rff2 Rb8 41. Rh2 Rbd8 42. Rc3 Rb8 1/2-1/2